00244nam a22000977a 450000500170000000800410001708200140005824500560007230000100012865000080013820200604110755.0200604b xxu||||| |||| 00| 0 eng d a345.4 AIR aThe All India Reporter1966 (V-53) ALLAHABAD Section a384p. aLAW